书目信息 |
| 题名: |
西汉对外贸易小词典
|
|
| 作者: | ;北京对外贸易学院西班牙语教研室《西汉对外贸易小词典》编写组 编 | |
| 分册: | ||
| 出版信息: | 北京 商务印书馆 1982 |
|
| 页数: | 693页 | |
| 开本: | 13cm | |
| 丛书名: | ||
| 单 册: | ||
| 中图分类: | F752.9-61 | |
| 科图分类: | ||
| 主题词: | 对外贸易--经济史--世界--词典 | |
| 电子资源: | ||
| ISBN: | ||
| 000 | 00850nam0 2200229 45 | |
| 001 | 0182003764 | |
| 005 | 20050404145008.2 | |
| 010 | @b精装@dCNY1.70 | |
| 091 | @a9017.927 | |
| 100 | @a19950313d1982 em y0chiy0121 ea | |
| 101 | 0 | @achi@aspa |
| 102 | @aCN@b110000 | |
| 105 | @ay e 000yy | |
| 200 | 10 | @a西汉对外贸易小词典@Axi han dui wai mao yi xiao ci dian@f北京对外贸易学院西班牙语教研室《西汉对外贸易小词典》编写组编@FBei Jing Dui Wai Mao Yi Xue Yuan Xi Ban Ya Yu Jiao Yan Shi《Xi Han Dui Wai Mao Yi Xiao Ci Dian》Bian Xie Zu Bian |
| 210 | @a北京@c商务印书馆@d1982 | |
| 215 | @a693页@d13cm | |
| 606 | 0 | @a对外贸易@x经济史@x世界@x词典 |
| 690 | @aF752.9-61@v3 | |
| 711 | 02 | @a北京对外贸易学院西班牙语教研室《西汉对外贸易小词典》编写组@4编 |
| 801 | 0 | @aCN@b上海图书馆@c20050404 |
| 801 | 2 | @aCN@bNLC@c20050404 |
| 905 | @f1@b169175@dF752.9-61@e5 | |
| 西汉对外贸易小词典/北京对外贸易学院西班牙语教研室《西汉对外贸易小词典》编写组编.-北京:商务印书馆,1982 |
| 693页;13cm |
| ISBN (精装):CNY1.70 |
| ● |
| 相关链接 |
|
|
|
|
正题名:西汉对外贸易小词典
索取号:F752.9-61/5
 
预约/预借
| 序号 | 登录号 | 条形码 | 馆藏地/架位号 | 状态 | 备注 |
| 1 | 0169175 | 000490089 | 工具书阅览室/ [索取号:F752.9-61/5] | 在馆 | |
| 2 | 0169176 | 000490070 | 第一样本阅览室/ [索取号:F752.9-61/5] | 在馆 |